000 00488nmm a2200145Ia 4500
005 20241120123118.0
008 241120s9999||||xx |||||||||||||||||und||
020 _a9791221501513
100 _aPopovic, Katarina||Nišavić, Ivan
245 0 _aChapter The Role of Adult Learning and Education in (Post-)Covid Times
260 _aFirenze University Press
_c2023
650 _aAdult Education
856 _uhttps://directory.doabooks.org/handle/20.500.12854/112084
942 _cE-Book
999 _c190405
_d190405